Loading...
| Auditory Arts | 1 | 10.00 | 100% | 0% | 0% |
| Beliefs | 6 | 11.67 | 67% | 50% | 0% |
| Current Events | 1 | 20.00 | 100% | 100% | 0% |
| History - American History | 3 | 10.00 | 67% | 0% | 33% |
| History - Ancient History | 3 | 13.33 | 67% | 33% | 33% |
| History - European History | 4 | 15.00 | 75% | 50% | 25% |
| History - World History | 3 | 13.33 | 100% | 0% | 33% |
| Literature - American Literature | 1 | 0.00 | 0% | 0% | 0% |
| Literature - British Literature | 2 | 10.00 | 100% | 0% | 0% |
| Literature - European Literature | 2 | 5.00 | 50% | 0% | 0% |
| Literature - World Literature | 2 | 5.00 | 50% | 0% | 0% |
| Other Academic | 1 | 0.00 | 0% | 0% | 0% |
| Philosophy | 1 | 0.00 | 0% | 0% | 0% |
| Science - Biology | 1 | 10.00 | 100% | 0% | 0% |
| Science - Chemistry | 1 | 20.00 | 100% | 100% | 0% |
| Science - Other Science | 2 | 10.00 | 50% | 50% | 0% |
| Science - Physics | 4 | 15.00 | 100% | 50% | 0% |
| Social Science | 3 | 6.67 | 67% | 0% | 0% |
| Visual Arts | 3 | 6.67 | 33% | 33% | 0% |